000 01157nam0a22002771 4500
001 rc\4605908
005 20260406200805.0
021 _aRU
_b[67-24402]
035 _a(NLR Aleph) 008668615
090 _a9106247
_c9106247
100 _a20130416d1967 |||y0rusy50 ca
101 0 _arus
102 _aRU
105 _ay z |||||
200 1 _aОрошаемые земли - наше богатство
_eРек. список литературы
_fУпр. культуры Крымского облисполкома. Крымская обл. б-ка им. И.Я. Франко. Метод.-библиогр. отд.
210 _aСимферополь
_cКрым
_d1967
215 _a18 с.
_d16
300 _aВ вып. дан. сост.: Э. Норман
606 _aОрошаемое земледелие
_jБиблиография
_2psbo
702 1 _aНорман
_bЭ.
_4220
712 0 2 _aКрымская областная библиотека им. И. Франко
_cСимферополь
_3RU\NLR\AUTH\889960339
_9416932
801 0 _aRU
_bNLR
_gpsbo
801 1 _aRU
_bELAR
_2rusmarc
852 _aNLR
_jС365-660/Е-15
942 _cBOOK
980 _aNB